3D games : animation and advanced real-time rendering

Αποθηκεύτηκε σε:
Λεπτομέρειες βιβλιογραφικής εγγραφής
Κύριος συγγραφέας: Watt, Alan H., 1942-
Άλλοι συγγραφείς: Policarpo, Fabio
Μορφή: Βιβλίο
Γλώσσα:English
Δημοσίευση: Harlow, England : Addison-Wesley, c2003.
Θέματα:
Ετικέτες: Προσθήκη ετικέτας
Δεν υπάρχουν, Καταχωρήστε ετικέτα πρώτοι!

MARC

LEADER 00000cam a2200000 i 4500
001 1/57000
008 071005s2003 enk| ||| |||| ||eng||
020 |a 0201787067 
035 |l 10091243 
040 |a GR-MyUa  |b gre  |e AACR2 
041 0 |a eng 
082 7 |a 794.81526   |2 (22) 
100 1 |a Watt, Alan H.,   |d 1942- 
245 1 0 |a 3D games :   |b animation and advanced real-time rendering /   |c Alan Watt and Fabio Policarpo. 
260 |a Harlow, England :   |b Addison-Wesley,   |c c2003. 
300 |a xvi, 547 σ. :   |b εικ. (μερικές έγχρ.) ;   |c 24 εκ. +   |e 1 οπτική δισκέτα λέϊζερ Η/Υ (4 3/4 ίν.) 
504 |a Βιβλιογραφία: σ. 532-538. Ευρετήριο. 
650 0 |a Computer games  |x Programming. 
650 0 |a Computer graphics. 
700 1 |a Policarpo, Fabio. 
852 |a INST  |b SYROS  |e 20071005  |h 794.81526 WAT  |p 005500007064  |q 005500007064  |t BK  |y 0 
852 |a INST  |b SYROS  |e 20071005  |h 794.81526 WAT   |p 005500007063  |q 005500007063  |t BK  |y 0 
901 |a BIBL5-2007-3 
922 |a 5ΕΛΗ  |b 200707  |c ΕΠΕΑΕΚ2/ΤΜΣΠΣ  |d Παπασωτηρίου 
970 |a Καγιαβά  |b Ειρήνη  |z 05/10/2007